| 000 | 00485nam a22001577a 4500 | ||
|---|---|---|---|
| 003 | OSt | ||
| 020 | _a9789699471001 | ||
| 040 | _a1 | ||
| 082 |
_a303.6549122 _bAZI 2004 |
||
| 100 | _aAziz, Khalid | ||
| 245 |
_aA Survey of Perceptions about the Drivers of Conflict in Swat _cKhalid Aziz |
||
| 260 |
_aPeshawar _bRIPORT _c2004 |
||
| 300 | _a67 | ||
| 650 | _aCommunication, Development, Foreign Intervention, Governance, Poverty, Religion, Security, Social Customs, Swat | ||
| 942 |
_2ddc _cBK |
||
| 999 |
_c16172 _d16172 |
||